| Tag |
First Indicator |
Second Indicator |
Subfields |
| LEADER |
00000cam a2200000 a 4500 |
| 001 |
in00001402572 |
| 005 |
20151020055432.0 |
| 008 |
930811s1994 mau b 001 0 eng |
| 010 |
|
|
|a 93006398
|
| 015 |
|
|
|a GB94-68588
|
| 019 |
|
|
|a 31170238
|
| 020 |
|
|
|a 0674644875 (alk. paper)
|
| 035 |
|
|
|a (OCoLC)28724391
|
| 035 |
|
|
|9 AHN4461AM
|
| 040 |
|
|
|a DLC
|c DLC
|d TXA
|d UtOrBLW
|
| 043 |
|
|
|a n-usn--
|
| 049 |
|
|
|a TXAM
|
| 050 |
0 |
0 |
|a BR520
|b .K55 1994
|
| 082 |
0 |
0 |
|a 285/.9/097409032
|2 20
|
| 100 |
1 |
|
|a Knight, Janice.
|
| 245 |
1 |
0 |
|a Orthodoxies in Massachusetts :
|b rereading American Puritanism /
|c Janice Knight.
|
| 264 |
|
1 |
|a Cambridge, Mass. :
|b Harvard University Press,
|c 1994.
|
| 300 |
|
|
|a ix, 301 pages ;
|c 24 cm.
|
| 336 |
|
|
|a text
|b txt
|2 rdacontent
|
| 337 |
|
|
|a unmediated
|b n
|2 rdamedia
|
| 338 |
|
|
|a volume
|b nc
|2 rdacarrier
|
| 504 |
|
|
|a Includes bibliographical references (pages [215]-291) and index.
|
| 505 |
0 |
|
|a New England ways -- Societies of saints -- Measuring sin and love -- The Gospel-Covenant of grace -- The New Testament of love -- Charity and its fruits -- The heart of New England rent.
|
| 650 |
|
0 |
|a Puritans
|z New England.
|
| 651 |
|
0 |
|a New England
|x Church history.
|
| 651 |
|
4 |
|a New England
|x Church history.
|
| 948 |
|
|
|a c:dm
|
| 999 |
|
|
|a MARS
|
| 999 |
f |
f |
|s be94f39e-6e1f-3f91-a048-5d9a0a12a0ba
|i 4ec032b3-4b9a-3ce5-9fb2-f04aa551ea72
|t 0
|
| 952 |
f |
f |
|p ric
|a Texas A&M University
|b Rellis Campus
|c Joint Library Facility
|d Remote Storage
|t 0
|e BR520 .K55 1994
|h Library of Congress classification
|i unmediated -- volume
|m A14822492165
|
| 998 |
f |
f |
|a BR520 .K55 1994
|t 0
|l Remote Storage
|